Mathematics-XI (Record no. 11086)

MARC details
000 -LEADER
fixed length control field 00243nam a22000977a 4500
008 - FIXED-LENGTH DATA ELEMENTS--GENERAL INFORMATION
fixed length control field 180824b ||||| |||| 00| 0 eng d
020 ## - INTERNATIONAL STANDARD BOOK NUMBER
International Standard Book Number 9788178557403
100 ## - MAIN ENTRY--PERSONAL NAME
Personal name Aggarwal,M.L.
9 (RLIN) 6859
245 ## - TITLE STATEMENT
Title Mathematics-XI
260 ## - PUBLICATION, DISTRIBUTION, ETC. (IMPRINT)
Place of publication, distribution, etc. New Delhi
Name of publisher, distributor, etc. Arya
Date of publication, distribution, etc. 2018

No items available.

Powered by Koha